| 000 | 007340000a22002170004500 | ||
|---|---|---|---|
| 003 | LK-CoMWRAF | ||
| 005 | 20231013154416.0 | ||
| 008 | 230817t1990 ||||| |||| 00| 0 eng d | ||
| 020 | _a0803936990 | ||
| 040 |
_aLK-CoMWRAF _dLK-CoMWRAF _eLK-CoMWRAF |
||
| 041 | _aeng | ||
| 082 |
_a305.42 _bMAC |
||
| 100 | _aMcCollum, Audrey T. | ||
| 245 |
_aThe Trauma of Moving: _bPsychological issues for Women |
||
| 260 |
_aCalifornia: _bSage Publications, _c1990 |
||
| 300 |
_a310 p. ; 23 cm. _bBibliography and index included |
||
| 490 |
_aSage library of social research _v182 |
||
| 650 | _aWOMEN-United States--Psychology--Case studies | ||
| 650 | _aRelocation (Housing)--United States--Psychological aspects--Case studies. | ||
| 942 | _cBK | ||
| 999 |
_c2358 _d2358 |
||